[Event "It (open)"]
[Site "masterchessopen.com Djakovo (Croatia)"]
[Round "5"]
[White "Milovanovic Rade (USA)"]
[Black "Teofilovic Vjeran (CRO)"]
[Result "1-0"]
[WhiteElo "2435"]
[BlackElo "2309"]

1.d4 Nf6 2.c4 e6 3.Nc3 Bb4 4.e3 b6 5.Ne2 c5 6.a3 Ba5 7.Rb1 Qe7 8.Bd2 O-O 9.d5
Ba6 10.Nf4 e5 11.Nh5 Bxc3 12.Bxc3 Nxh5 13.Qxh5 d6 14.Bd3 e4 15.Be2 Nd7 16.O-O
f5 17.b3 Ne5 18.Kh1 Rae8 19.Rbe1 Bc8 20.f3 exf3 21.gxf3 f4 22.e4 Rf6 23.Qh4
Qf7 24.Rg1 Kh8 25.b4 Rh6 26.Qf2 Rh3 27.Bb2 Qh5 28.Ref1 Rf8 29.Rg2 Rf6 30.Qg1
Rh6 31.Rff2 Rg6 32.Rxg6 Nxg6 33.Qa1 Nh4 34.Bxg7+ Kg8 35.Bh8 Rg3 36.Qf6 Bh3
37.hxg3 Bg2+ {#r} 1-0

[Event "Ch Russia"]
[Site "masterchessopen.com Elista (Russia)"]
[Round "0"]
[White "Sherbakov Ruslan (RUS)"]
[Black "Kiselev Sergey (RUS)"]
[Result "1-0"]
[WhiteElo "2510"]
[BlackElo "2460"]

1.d4 Nf6 2.c4 e6 3.Nc3 Bb4 4.e3 b6 5.Ne2 Ne4 6.Qc2 Bb7 7.Nf4 f5 8.Bd3 O-O
9.O-O Nxc3 10.bxc3 Bd6 11.Rb1 c5 12.e4 fxe4 13.Bxe4 Bxf4 14.Bxb7 Bxh2+ 15.Kh1
Qh4 16.Bg5 Qxg5 17.Kxh2 Nc6 18.Bxa8 Rxa8 19.Qe4 Rf8 20.g3 cxd4 21.cxd4 Qd2
22.Kg2 Qxd4 23.Qxd4 Nxd4 24.Rbd1 e5 25.Rfe1 d6 26.f4 Rf5 27.fxe5 dxe5 28.Rc1
Ne6 29.Rcd1 Nd4 30.Re3 h5 31.Rc1 Rg5 32.Kf2 Ne6 33.Rd1 Nc5 34.Rd6 Kf7 35.Rc6
Rg4 36.Kg2 e4 37.Kh3 Rg5 38.Rc7+ {#r} 1-0

[Event "It (open)"]
[Site "masterchessopen.com Espoo (Finland)"]
[Round "0"]
[White "Paasikangas-T Johanna (FIN)"]
[Black "Haanpaa Jorma (FIN)"]
[Result "1-0"]
[WhiteElo "2238"]
[BlackElo "2012"]

1.d4 Nf6 2.c4 e6 3.Nc3 Bb4 4.e3 b6 5.Ne2 Bb7 6.Nf4 Ne4 7.Qc2 f5 8.Be2 O-O
9.O-O Bxc3 10.bxc3 Qf6 11.f3 Ng5 12.a4 a5 13.Ba3 Re8 14.c5 bxc5 15.Bxc5 d6
16.Ba3 Nd7 17.Rab1 Ra7 18.Rb3 Nf7 19.Rfb1 Nb6 20.c4 Bc6 21.c5 Nd5 22.cxd6 Nxf4
23.Qxc6 Nxe2+ 24.Kf1 Rc8 25.Kxe2 e5 26.dxe5 Nxe5 27.Qd5+ Nf7 28.Rb8 Qd8
29.Rxc8 Qxc8 30.d7 Qd8 31.Be7 Qxe7 32.Rb8+ {#r} 1-0

[Event "It (open)"]
[Site "masterchessopen.com Finkenstein (Austria)"]
[Round "0"]
[White "Solmajer Luka (SLO)"]
[Black "Kragelj Igor (SLO)"]
[Result "0-1"]
[WhiteElo "2064"]
[BlackElo "2250"]

1.d4 Nf6 2.c4 e6 3.Nc3 Bb4 4.e3 b6 5.Ne2 Bb7 6.a3 Be7 7.d5 O-O 8.g3 b5 9.cxb5
Nxd5 10.e4 Nxc3 11.Nxc3 a6 12.bxa6 Bxa6 13.Bxa6 Nxa6 14.Qd4 Nc5 15.Qc4 Qb8
16.b4 Na4 17.Bd2 c5 18.Nxa4 Rxa4 19.O-O Qa8 20.Bc3 Rc8 21.Qd3 d5 22.exd5 exd5
23.Rfe1 Bf8 24.bxc5 Bxc5 25.Bb2 Bf8 26.Red1 Rd8 27.Qf3 h6 28.Rd4 Rb8 29.Ra2
Rxb2 30.Rxa4 Rb1+ 31.Kg2 Qxa4 32.Qxd5 Rb3 33.Re2 Rxa3 34.Re8 Qxe8 {#R} 0-1

[Event "Ch Finland (team) 1993/94"]
[Site "masterchessopen.com Finland"]
[Round "9"]
[White "Paasikangas-T Johanna (FIN)"]
[Black "Karner Hillar (EST)"]
[Result "1-0"]
[WhiteElo "2238"]
[BlackElo "2251"]

1.d4 Nf6 2.c4 e6 3.Nc3 Bb4 4.e3 b6 5.Ne2 Ne4 6.Qb3 c5 7.a3 Ba5 8.f3 Bxc3+
9.bxc3 Nd6 10.e4 Nc6 11.Qa4 f6 12.Nf4 Kf7 13.Nxe6 dxe6 14.Qxc6 Bb7 15.Qa4 Qc7
16.Bf4 Rhd8 17.Rc1 a6 18.Qb3 Rab8 19.a4 Kg8 20.Be2 Bc8 21.O-O e5 22.Bg3 Nf7
23.Rcd1 Be6 24.f4 Rbc8 25.fxe5 fxe5 26.d5 Bd7 27.Bh5 Rf8 28.Rb1 Rb8 29.a5 b5
30.Bxf7+ Rxf7 31.Rxf7 Kxf7 32.Rf1+ Ke8 33.Qd1 Qd6 34.Qh5+ {#r} 1-0

[Event "Ch Finland (team) 1994/95"]
[Site "masterchessopen.com Finland"]
[Round "3"]
[White "Salo Heikki (FIN)"]
[Black "Seppanen Asko (FIN)"]
[Result "1-0"]
[WhiteElo "2229"]
[BlackElo "2201"]

1.d4 e6 2.c4 Nf6 3.Nc3 Bb4 4.e3 b6 5.Ne2 Bb7 6.a3 Be7 7.d5 O-O 8.e4 d6 9.Ng3
Nbd7 10.Be3 c6 11.dxe6 fxe6 12.f4 Ne8 13.Qg4 Nc7 14.Bd3 Qe8 15.O-O g6 16.Rae1
Qf7 17.Kh1 Qg7 18.Qh3 h5 19.Rf3 Rae8 20.e5 Qh7 21.exd6 Bxd6 22.Bxg6 Qxg6
23.Nge4 Bxf4 24.Bxf4 Rxf4 25.Rxf4 Rf8 26.Rxf8+ Nxf8 27.Re3 Kh7 28.Rg3 Qf5
29.Qxf5+ exf5 30.Nd6 Ba6 31.Nxf5 Nce6 32.Ne4 Nd7 33.Ng5+ Nxg5 34.Rxg5 Nf6
35.b3 Bc8 36.Rg7+ Kh8 37.Rf7 Nh7 38.Ne7 Be6 39.Ng6+ Kg8 40.Rxa7 {#r} 1-0

[Event "It (open)"]
[Site "masterchessopen.com Groningen (Netherlands)"]
[Round "8"]
[White "Donk Merlijn Silvester (NED)"]
[Black "Van Doeland Julius H (NED)"]
[Result "1-0"]
[WhiteElo "2298"]
[BlackElo "2310"]

1.d4 Nf6 2.c4 e6 3.Nc3 Bb4 4.e3 b6 5.Ne2 Bb7 6.a3 Be7 7.d5 O-O 8.g3 d6 9.Bg2
c5 10.O-O e5 11.e4 Nbd7 12.f4 Re8 13.f5 Rb8 14.a4 Kh8 15.Bh3 a6 16.g4 b5
17.axb5 axb5 18.g5 Nh5 19.Nxb5 Nb6 20.Ned4 Nf4 21.Bxf4 cxd4 22.f6 exf4 23.Rxf4
Nxc4 24.fxg7+ Kxg7 25.Rxf7+ Kxf7 26.Qh5+ Kg7 27.Qh6+ Kg8 28.Be6+ Kh8 29.g6 Bg5
30.g7# 1-0

[Event "Ch Hungary (team) 1993/94"]
[Site "masterchessopen.com Hungary"]
[Round "0"]
[White "Bagonyai Attila (HUN)"]
[Black "Bernei Andras (HUN)"]
[Result "1-0"]
[WhiteElo "2343"]
[BlackElo "2345"]

1.d4 Nf6 2.c4 e6 3.Nc3 Bb4 4.e3 b6 5.Ne2 c5 6.a3 Ba5 7.Bd2 O-O 8.d5 d6 9.f3
exd5 10.cxd5 Re8 11.e4 Nh5 12.Kf2 Nd7 13.g4 Qh4+ 14.Kg2 Ne5 15.Be1 Qg5 16.Qc1
Qg6 17.Nf4 Nxf4+ 18.Qxf4 h5 19.h3 Bd7 20.Be2 c4 21.a4 Bb4 22.Qg3 a6 23.Bf2
Bxc3 24.bxc3 b5 25.Bd4 bxa4 26.f4 Qxe4+ 27.Kf2 Nd3+ 28.Bxd3 Qxd3 29.Qxd3 cxd3
30.gxh5 Rab8 31.Rhg1 f6 32.h6 g5 33.Bxf6 Kh7 34.fxg5 Bf5 35.Rxa4 Re2+ 36.Kf3
Kg6 37.h4 Rbb2 38.Bd4 {#r} 1-0

[Event "It (open)"]
[Site "masterchessopen.com Isle of Man (Great Britain)"]
[Round "7"]
[White "Merriman John (ENG)"]
[Black "Ward Christopher (ENG)"]
[Result "0-1"]
[WhiteElo "2265"]
[BlackElo "2490"]

1.d4 Nf6 2.c4 e6 3.Nc3 Bb4 4.e3 b6 5.Ne2 Ne4 6.f3 Nxc3 7.Nxc3 Bxc3+ 8.bxc3 Nc6
9.Bd3 Qh4+ 10.g3 Qh3 11.Qe2 Ba6 12.Ba3 O-O-O 13.f4 d5 14.O-O-O Na5 15.c5 Bxd3
16.Rxd3 Nc4 17.Bb2 Qf5 18.Rf1 h5 19.Re1 Qe4 20.Qc2 Kb7 21.a4 f5 22.h4 Rh6
23.Qe2 Rg6 24.Rg1 Kc6 25.cxb6 axb6 26.Kc2 Ra8 27.Kb3 Rxa4 28.Kxa4 Qxd3 {#R}
0-1

[Event "Ch Nassau Chess Club"]
[Site "masterchessopen.com Long Island (USA)"]
[Round "0"]
[White "Goregliad Sergei (USA)"]
[Black "Felber Joseph J (USA)"]
[Result "1-0"]
[WhiteElo "2300"]
[BlackElo "2097"]

1.d4 Nf6 2.c4 e6 3.Nc3 Bb4 4.e3 b6 5.Ne2 Bb7 6.a3 Bxc3+ 7.Nxc3 O-O 8.Bd3 d5
9.cxd5 exd5 10.b4 Nbd7 11.Rb1 c6 12.O-O Ne4 13.Ne2 f5 14.f3 Nd6 15.Nf4 Qe7
16.Bd2 Rac8 17.Qb3 Kh8 18.Rbe1 Qf7 19.Qb1 c5 20.bxc5 bxc5 21.dxc5 Nxc5 22.Bb4
Nc4 23.g4 a5 24.Bxc5 Rxc5 25.Bxf5 g6 26.Qa1+ Qf6 27.Ne6 Rcc8 28.Nxf8 Qxa1
29.Rxa1 gxf5 30.Ne6 Nxe3 31.Rfb1 Ba6 32.Rb6 Bc4 33.Rab1 Kg8 34.Kf2 Nc2 35.gxf5
d4 36.Rg1+ Kh8 37.Rb7 Bxe6 38.fxe6 Ne3 39.Rgb1 {#r} 1-0

[Event "Ch Australia"]
[Site "masterchessopen.com Melbourne (Australia)"]
[Round "4"]
[White "Reilly Tim (AUS)"]
[Black "Allen Andrew (AUS)"]
[Result "0-1"]
[WhiteElo "2266"]
[BlackElo "2275"]

1.d4 Nf6 2.c4 e6 3.Nc3 Bb4 4.e3 b6 5.Ne2 Ne4 6.Qc2 Bb7 7.a3 Bxc3+ 8.Nxc3 Nxc3
9.Qxc3 O-O 10.Bd3 Qh4 11.Bd2 Bxg2 12.Rg1 Qxh2 13.O-O-O d5 14.Qc2 Nd7 15.Bb4
Bf3 16.Rde1 Rfe8 17.Rg3 Bg2 18.Qd1 g6 19.Qg4 Be4 20.Bxe4 dxe4 21.Qf4 Qh5
22.Qxe4 Qf5 23.Qh4 Qf6 24.Qh2 c5 25.dxc5 Nxc5 26.Bc3 Qf5 27.e4 Qf4+ 28.Kb1 e5
29.f3 Rad8 30.Rh1 h5 31.Qg2 Kg7 32.Rg1 Re6 33.Rg5 Na4 34.Bxe5+ Rxe5 35.Rxg6+
Kf8 36.Rc6 Rc5 37.Qg8+ Ke7 {#R} 0-1

[Event "Olympiad"]
[Site "masterchessopen.com Moscow (Russia)"]
[Round "10"]
[White "Annageldyev Orazly (TKM)"]
[Black "Norri Joose (FIN)"]
[Result "0-1"]
[WhiteElo "2440"]
[BlackElo "2375"]

1.d4 Nf6 2.c4 e6 3.Nc3 Bb4 4.e3 b6 5.Ne2 Ne4 6.Qc2 Bb7 7.a3 Bxc3+ 8.Nxc3 Nxc3
9.bxc3 Qh4 10.a4 O-O 11.Ba3 Re8 12.Bd3 e5 13.g3 Qh5 14.O-O Bf3 15.Be4 Nc6
16.Bxf3 Qxf3 17.c5 Rac8 18.Qd1 Qe4 19.Re1 Qd5 20.e4 Qc4 21.d5 Na5 22.Rb1 Rb8
23.Qg4 Qxa4 24.Bc1 Kf8 25.Qh4 Kg8 26.Qg4 Kh8 27.c6 dxc6 28.Qd7 Qc2 29.Be3 cxd5
30.exd5 Qg6 31.Rb4 f5 32.f4 e4 33.Bd4 Rbc8 34.Rd1 Red8 35.Qe7 Re8 36.Qh4 c5
37.dxc6 Rxc6 38.Ra4 Rd8 39.Raa1 Rd7 40.Re1 {#R} 0-1

[Event "Ch Slovenia"]
[Site "masterchessopen.com Nova Gorica (Slovenia)"]
[Round "0"]
[White "Jelen Igor (SLO)"]
[Black "Grosar Aljosa (SLO)"]
[Result "0-1"]
[WhiteElo "2385"]
[BlackElo "2430"]

1.d4 Nf6 2.c4 e6 3.Nc3 Bb4 4.e3 b6 5.Ne2 c5 6.a3 Ba5 7.Rb1 Qe7 8.Bd2 Ba6 9.Qa4
cxd4 10.Nxd4 Bxc3 11.Bxc3 Ne4 12.Bb4 Nc5 13.Qc2 d6 14.Be2 Bb7 15.Bf3 O-O
16.Bc3 Rc8 17.O-O Bxf3 18.Nxf3 Nc6 19.Rfd1 f5 20.Nd2 Rc7 21.e4 f4 22.Nf3 e5
23.Rd5 Nd8 24.b4 Nce6 25.Qa2 Rac8 26.c5 bxc5 27.bxc5 Rxc5 28.Rxc5 Rxc5 29.Bb4
Rb5 30.a4 Rb8 31.Nxe5 Qb7 32.Nc4 Qxe4 33.Re1 Qd5 34.Ba3 Rc8 35.Rc1 f3 36.g3
Nd4 37.Kh1 Ne2 {#R} 0-1

[Event "It (open)"]
[Site "masterchessopen.com Oberwart (Austria)"]
[Round "8"]
[White "Zoebisch Herbert (AUT)"]
[Black "Wells Peter K (ENG)"]
[Result "0-1"]
[WhiteElo "2149"]
[BlackElo "2490"]

1.d4 Nf6 2.c4 e6 3.Nc3 Bb4 4.e3 b6 5.Ne2 Bb7 6.a3 Bd6 7.d5 c6 8.e4 O-O 9.g3
Ba6 10.b3 exd5 11.exd5 Re8 12.dxc6 Be5 13.Bb2 Nxc6 14.Bg2 b5 15.cxb5 Bxc3+
16.Bxc3 Bxb5 17.Ra2 Ne4 18.Bxe4 Rxe4 19.O-O Qe7 20.Re1 Re8 21.Kf1 Rxe2
22.Rexe2 Qe4 {#R} 0-1

[Event "It"]
[Site "masterchessopen.com Pamplona (Spain)"]
[Round "6"]
[White "Franco Ocampos Zenon (PAR)"]
[Black "Izeta Txabarri Felix (ESP)"]
[Result "0-1"]
[WhiteElo "2495"]
[BlackElo "2505"]

1.d4 Nf6 2.c4 e6 3.Nc3 Bb4 4.e3 b6 5.Ne2 Ne4 6.Qc2 Bb7 7.a3 Bxc3+ 8.Nxc3 f5
9.b4 O-O 10.Bb2 d6 11.d5 Nxc3 12.Qxc3 e5 13.Bd3 c6 14.c5 bxc5 15.bxc5 cxd5
16.cxd6 Nc6 17.Qc5 Rf7 18.O-O Rc8 19.f4 Na5 20.Qb4 e4 21.Bb5 a6 22.Be2 Nc4
23.Be5 Nxe3 24.Rab1 Nxf1 25.Bxf1 Rc6 26.a4 Qc8 27.Qa5 Rc5 28.Qb6 Rd7 29.Qb3
Rc1 30.Rxc1 Qxc1 31.Qh3 Qc5+ {#R} 0-1

[Event "Ch Yugoslavia (team) (1 liga)"]
[Site "masterchessopen.com Yugoslavia"]
[Round "4"]
[White "Raicevic Vladimir (SRB)"]
[Black "Vukanovic Sasa (SRB)"]
[Result "1-0"]
[WhiteElo "2089"]
[BlackElo "2339"]

1.d4 Nf6 2.c4 e6 3.Nc3 Bb4 4.e3 b6 5.Ne2 c5 6.a3 Ba5 7.Rb1 Qe7 8.Qa4 cxd4
9.exd4 Bxc3+ 10.Nxc3 O-O 11.Be2 Bb7 12.O-O d5 13.Bg5 dxc4 14.Bxc4 h6 15.Bh4 a6
16.Ba2 Nbd7 17.Rbd1 b5 18.Qa5 Qd6 19.Bg3 Qb6 20.Bc7 Qa7 21.h4 Rac8 22.Bd6 Rfe8
23.Nxb5 Qa8 24.Nc7 Rxc7 25.Bxc7 Bxg2 26.Rfe1 Bh1 27.d5 Nxd5 28.Bxd5 Bxd5
29.Kh2 Nf8 30.Qc3 Rc8 31.Qg3 Ng6 32.Rg1 Qb7 33.Be5 Rc4 34.Rd4 Rc2 35.Rb4 Qc6
36.Bd4 Re2 37.Bc3 Qc5 38.Bd4 Qc2 39.Rb8+ Kh7 {#r} 1-0

[Event "Verbandsliga North 1994/95"]
[Site "masterchessopen.com Baden-Wuerttemberg (Germany)"]
[Round "0"]
[White "Meissner Bernd-Guenther (GER)"]
[Black "Wagner Bernd (GER)"]
[Result "1-0"]
[WhiteElo "2275"]
[BlackElo "2064"]

1.d4 Nf6 2.c4 e6 3.Nc3 Bb4 4.e3 b6 5.Ne2 Bb7 6.a3 Bxc3+ 7.Nxc3 Ne4 8.Nxe4 Bxe4
9.Bd3 Bxd3 10.Qxd3 d5 11.O-O O-O 12.e4 dxe4 13.Qxe4 Nd7 14.Be3 Nf6 15.Qf3 Qe7
16.Rad1 Rfd8 17.Bg5 h6 18.Bh4 Rac8 19.Rfe1 c6 20.Re3 Rd6 21.Kf1 Rcd8 22.Red3
c5 23.dxc5 Rxd3 24.Rxd3 Rxd3 25.Qxd3 Qxc5 26.Bxf6 gxf6 27.b4 Qc6 28.f3 Qc7
29.g3 Qe5 30.Kg2 Kg7 31.Qc2 Qe3 32.c5 bxc5 33.bxc5 Qxa3 34.c6 Qa6 35.c7 Qc8
36.Qc5 {#r} 1-0

[Event "It (open) \"]
[Site "masterchessopen.com Budapest (Hungary)"]
[Round "0"]
[White "Baumann Frank (GER)"]
[Black "Lukacs Janos (HUN)"]
[Result "0-1"]
[WhiteElo "2094"]
[BlackElo "2070"]

1.d4 Nf6 2.c4 e6 3.Nc3 Bb4 4.e3 b6 5.Ne2 O-O 6.a3 Be7 7.d5 e5 8.Ng3 d6 9.Bd3
Nbd7 10.O-O a5 11.Bd2 Nc5 12.Bc2 Bd7 13.b4 Nb7 14.Qe2 Ng4 15.Bf5 Nh6 16.Bxd7
Qxd7 17.e4 Ng4 18.Nf5 Nf6 19.Qf3 Kh8 20.Bg5 Ng8 21.Qg3 Bxg5 22.Qxg5 f6 23.Qg3
Ra7 24.f4 Rfa8 25.fxe5 dxe5 26.Nb5 Ra6 27.Rad1 axb4 28.axb4 Nd6 29.Qxg7+ Qxg7
30.Nxg7 Kxg7 31.Nxc7 Nxc4 32.Nxa6 Rxa6 33.b5 Ra7 34.Rc1 Nd6 35.Rc6 Nxe4
36.Rxb6 Rd7 37.Rc6 Ne7 38.Rc2 Nxd5 39.Rb1 Rb7 40.Rd2 Nxd2 {#R} 0-1

[Event "It (open) \"]
[Site "masterchessopen.com Budapest (Hungary)"]
[Round "0"]
[White "Ibragimov Ildar (USA)"]
[Black "Huber Siegfried (GER)"]
[Result "1-0"]
[WhiteElo "2580"]
[BlackElo "2205"]

1.d4 Nf6 2.c4 e6 3.Nc3 Bb4 4.e3 b6 5.Ne2 O-O 6.a3 Bxc3+ 7.Nxc3 Bb7 8.Bd3 d6
9.O-O Nbd7 10.b4 Qe7 11.f3 e5 12.d5 a5 13.Bd2 axb4 14.axb4 Rxa1 15.Qxa1 Ra8
16.Qb2 g6 17.e4 Kg7 18.Be3 Ba6 19.Ra1 Qd8 20.Ra3 Ne8 21.Qa1 Bb7 22.Bc2 Kf8
23.Ba4 Qc8 24.Bc6 Rxa3 25.Qxa3 Nb8 26.Qa4 Bxc6 27.dxc6 Qa6 28.b5 Qc8 29.Nd5 f5
30.h3 f4 31.Bf2 Ng7 32.Qa8 Ne6 33.Nf6 {#r} 1-0

[Event "It (open)"]
[Site "masterchessopen.com Cappelle la Grande (France)"]
[Round "8"]
[White "Johansen Oivind (NOR)"]
[Black "Jensen Stein (NOR)"]
[Result "1-0"]
[WhiteElo "2290"]
[BlackElo "2079"]

1.d4 Nf6 2.c4 e6 3.Nc3 Bb4 4.e3 b6 5.Ne2 Ne4 6.Qc2 Bb7 7.a3 Bxc3+ 8.Nxc3 Nxc3
9.Qxc3 d6 10.b3 Nd7 11.Bb2 Qe7 12.f3 f5 13.Be2 Qh4+ 14.g3 Qh5 15.O-O O-O 16.d5
e5 17.Rf2 Qg6 18.Rg2 a5 19.f4 Rf7 20.g4 Re7 21.Bd3 e4 22.gxf5 Qxf5 23.Bxe4
{#r} 1-0

[Event "It (open)"]
[Site "masterchessopen.com Cappelle la Grande (France)"]
[Round "1"]
[White "Pavlovic Milos (SRB)"]
[Black "Dabrowska Krystyna (POL)"]
[Result "1-0"]
[WhiteElo "2470"]
[BlackElo "2255"]

1.d4 Nf6 2.c4 e6 3.Nc3 Bb4 4.e3 b6 5.Ne2 Bb7 6.a3 Bxc3+ 7.Nxc3 Ne4 8.Nxe4 Bxe4
9.Qg4 Bg6 10.Bd2 O-O 11.Bc3 d6 12.Be2 c6 13.Qg3 Re8 14.Rc1 f6 15.O-O e5
16.dxe5 dxe5 17.Rfd1 Qe7 18.c5 Nd7 19.cxb6 axb6 20.Qg4 Nb8 21.Rd2 Bf7 22.Rcd1
Ra7 23.Rd6 Bb3 24.R1d2 Ra4 25.Qf5 Be6 26.Qxe6+ Qxe6 27.Rxe6 Rxe6 28.Rd8+ Kf7
29.Rxb8 b5 30.Bd1 {#r} 1-0

[Event "Czech League 1994/95 (2nd) (c)"]
[Site "masterchessopen.com Czech Republic"]
[Round "7"]
[White "Jankovec Ivan (CZE)"]
[Black "Sleich Jan (CZE)"]
[Result "1-0"]
[WhiteElo "2280"]
[BlackElo "2205"]

1.d4 Nf6 2.c4 e6 3.Nc3 Bb4 4.e3 b6 5.Ne2 O-O 6.a3 Be7 7.e4 Bb7 8.Ng3 d5 9.e5
Ne8 10.Qg4 f5 11.exf6 Nxf6 12.Qxe6+ Kh8 13.Be2 Re8 14.O-O Bxa3 15.Qh3 Bc8
16.Qh4 Be7 17.Bg5 Nc6 18.Bf3 Rb8 19.Rfe1 Nb4 20.Rad1 dxc4 21.d5 Ng8 22.Bxe7
Rxe7 23.Qxc4 a5 24.Nce4 Ba6 25.Qc3 Nh6 26.d6 cxd6 27.Rxd6 Rd7 28.Rxh6 Rc8
29.Qe5 Re7 30.Re6 Nd3 31.Rd1 Nxe5 32.Rxd8+ Rxd8 33.Rxe7 {#r} 1-0

[Event "Ch France (team)"]
[Site "masterchessopen.com France"]
[Round "3"]
[White "Cruz Jose Carlos"]
[Black "Lecuyer Christian (FRA)"]
[Result "1-0"]
[WhiteElo "2300"]
[BlackElo "2235"]

1.d4 Nf6 2.c4 e6 3.Nc3 Bb4 4.e3 b6 5.Ne2 Ne4 6.Bd2 Nxd2 7.Qxd2 d5 8.a3 Be7
9.cxd5 exd5 10.Nf4 Bb7 11.Bd3 c6 12.O-O O-O 13.b4 Nd7 14.b5 Nf6 15.bxc6 Bxc6
16.Rfc1 Bb7 17.Qa2 Bd6 18.Nce2 Qe7 19.a4 Rad8 20.a5 Ng4 21.g3 g5 22.Ng2 f5
23.Qb3 f4 24.exf4 gxf4 25.Nexf4 Bxf4 26.gxf4 Bc8 27.axb6 axb6 28.Qxb6 Rd6
29.Rc6 Rxc6 30.Qxc6 Nf6 31.Re1 Qg7 32.Re3 Kh8 33.Qd6 Ne4 34.Bxe4 dxe4 35.Rc3
Bg4 36.Rg3 Ra8 37.h3 {#r} 1-0

[Event "Bundesliga (2nd) North 1995/96"]
[Site "masterchessopen.com Germany"]
[Round "0"]
[White "Vogel Robert (GER)"]
[Black "Slobodjan Roman (GER)"]
[Result "0-1"]
[WhiteElo "2300"]
[BlackElo "2500"]

1.d4 Nf6 2.c4 e6 3.Nc3 Bb4 4.e3 b6 5.Ne2 c5 6.a3 Ba5 7.d5 exd5 8.cxd5 Bb7 9.d6
Ne4 10.f3 Nxc3 11.bxc3 Qh4+ 12.Kd2 O-O 13.Bb2 Qh6 14.Kc2 Qxe3 15.Ng3 Nc6
16.Bb5 Rfe8 17.Kb1 Bxc3 18.Bxc6 Bxc6 19.Nf5 Qe6 20.Ne7+ Rxe7 21.dxe7 Bxb2
22.Kxb2 Qxe7 23.Re1 Qf6+ 24.Ka2 d5 25.Qe2 d4 26.Qe5 Qg6 27.Rad1 Qc2+ 28.Ka1 h6
29.Qd6 Bb5 30.Rc1 Qb3 {#R} 0-1

[Event "Bundesliga 1994/95"]
[Site "masterchessopen.com Germany"]
[Round "0"]
[White "Volke Karsten (GER)"]
[Black "Kitte Sebastian (GER)"]
[Result "1-0"]
[WhiteElo "2450"]
[BlackElo "2255"]

1.d4 Nf6 2.c4 e6 3.Nc3 Bb4 4.e3 b6 5.Ne2 Ne4 6.Qc2 Bb7 7.a3 Bxc3+ 8.Nxc3 Nxc3
9.Qxc3 O-O 10.b4 d6 11.Bb2 Nd7 12.d5 e5 13.Bd3 f5 14.f4 Qh4+ 15.g3 Qe7
16.O-O-O c6 17.dxc6 Bxc6 18.Rhf1 Rac8 19.Kb1 a5 20.Rd2 axb4 21.axb4 b5 22.Rc2
Bd5 23.Qd2 Be6 24.cxb5 Nb6 25.Rxc8 Rxc8 26.Rc1 Nc4 27.Qe2 Qf7 28.b6 d5 29.Bxe5
Qd7 30.Qa2 Qb5 31.Bxc4 Qxb4+ 32.Bb3 Rxc1+ 33.Kxc1 Qxb6 34.Bd4 {#r} 1-0

[Event "Oberliga East 1994/95"]
[Site "masterchessopen.com Germany"]
[Round "0"]
[White "Kirschbaum Gunnar (GER)"]
[Black "Brueggemann Joachim (GER)"]
[Result "0-1"]
[WhiteElo "2212"]
[BlackElo "2290"]

1.d4 Nf6 2.c4 e6 3.Nc3 Bb4 4.e3 b6 5.Ne2 Ne4 6.f3 Bxc3+ 7.bxc3 Nf6 8.Ng3 d6
9.Bd3 c5 10.O-O Nc6 11.f4 Qd7 12.d5 Na5 13.e4 Qc7 14.Qe2 exd5 15.cxd5 c4
16.Bc2 Bg4 17.Qf2 O-O-O 18.Be3 h5 19.h3 h4 20.Nh1 Bh5 21.Rfb1 Rde8 22.Rxb6
axb6 23.Bxb6 Qb7 24.Bxa5 Nxe4 25.Qd4 Ng3 26.Nxg3 hxg3 27.Bb4 Qa6 28.Bf5+ Kc7
29.Rb1 Ra8 30.Qxg7 Qb6+ 31.Kh1 Rhg8 32.Qf6 Rge8 33.a3 Ra6 34.Bxd6+ Qxd6 35.Qd4
Rb6 36.Qxc4+ Kb8 37.Rg1 Rb2 38.Qd3 Qxf4 39.d6 Qf2 {#R} 0-1

[Event "Oberliga East 1994/95"]
[Site "masterchessopen.com Germany"]
[Round "0"]
[White "Paehtz Thomas (GER)"]
[Black "Kargoll Herbert (GER)"]
[Result "1-0"]
[WhiteElo "2470"]
[BlackElo "2201"]

1.d4 Nf6 2.c4 e6 3.Nc3 Bb4 4.e3 b6 5.Ne2 O-O 6.a3 Bxc3+ 7.Nxc3 d5 8.Be2 Bb7
9.O-O Nbd7 10.b4 dxc4 11.Bxc4 c5 12.Bb2 cxb4 13.axb4 a6 14.b5 a5 15.Qb3 Rc8
16.f3 Qc7 17.Ra4 Rfd8 18.e4 Nf8 19.Bd3 Qf4 20.Bc1 Qh4 21.Ne2 N6d7 22.g3 Qe7
23.Ba3 Qe8 24.Rc4 Rxc4 25.Bxc4 Nf6 26.Rd1 Ng6 27.Nc3 Qd7 28.Na4 Ne5 29.Be2 Ng6
30.Nxb6 Qc7 31.Na4 Nh5 32.Kf2 Nhf4 33.Bf1 Nh5 34.b6 Qb8 35.Qb5 Nf6 36.Nc5 Qc8
37.Rc1 Qa8 38.Nxb7 Qxb7 39.Rc7 Qb8 40.Qc6 Ne8 {#r} 1-0

[Event "Ch Hungary (team) 1994/95 (2 liga)"]
[Site "masterchessopen.com Hungary"]
[Round "0"]
[White "Kovacs Elod (HUN)"]
[Black "Szogi Gabor (HUN)"]
[Result "1-0"]
[WhiteElo "2236"]
[BlackElo "2110"]

1.d4 Nf6 2.c4 e6 3.Nc3 Bb4 4.e3 b6 5.Ne2 Bb7 6.a3 Bxc3+ 7.Nxc3 O-O 8.Bd3 d5
9.O-O Nbd7 10.b3 c5 11.Bb2 cxd4 12.exd4 Rc8 13.Nb5 Ra8 14.a4 Ba6 15.Qe2 Bxb5
16.axb5 Qb8 17.f4 Re8 18.g4 Qb7 19.Rfc1 Rec8 20.Rc2 a5 21.bxa6 Rxa6 22.Rxa6
Qxa6 23.cxd5 Rxc2 24.Qxc2 Qb7 25.Qc6 Qb8 26.Ba3 Qe8 27.dxe6 Qxe6 28.Qxe6 fxe6
29.h3 Nd5 30.f5 Kf7 31.fxe6+ Kxe6 32.Bf5+ {#r} 1-0

[Event "It (open)"]
[Site "masterchessopen.com Manresa (Spain)"]
[Round "6"]
[White "Gual Pascual Antonio (ESP)"]
[Black "Ionescu Cristian-Dan (ROM)"]
[Result "1-0"]
[WhiteElo "2350"]
[BlackElo "2295"]

1.d4 Nf6 2.c4 e6 3.Nc3 Bb4 4.e3 b6 5.Ne2 Bb7 6.a3 Be7 7.d5 O-O 8.Ng3 d6 9.Be2
Nbd7 10.O-O c6 11.dxe6 fxe6 12.f4 Re8 13.Kh1 a6 14.Bf3 Qc7 15.b3 b5 16.cxb5
axb5 17.Bb2 Qb6 18.Nce4 Nd5 19.Re1 Rad8 20.Bh5 g6 21.Qg4 N7f6 22.Qxe6+ Kg7
23.Nf5+ gxf5 24.Qf7+ Kh6 25.Nxf6 Bxf6 26.Bxf6 Rg8 27.Bg5+ Rxg5 28.fxg5+ Kxg5
29.Bf3 Qc7 30.Bxd5 {#r} 1-0

[Event "Ch Moscow (open)"]
[Site "masterchessopen.com Moscow (Russia)"]
[Round "10"]
[White "Castaneda Georgui (PER)"]
[Black "Yuferov Sergey N (RUS)"]
[Result "0-1"]
[WhiteElo "2512"]
[BlackElo "2465"]

1.d4 e6 2.c4 Nf6 3.Nc3 Bb4 4.e3 b6 5.Ne2 Ne4 6.Qc2 Bb7 7.Nf4 Nxc3 8.bxc3 Bd6
9.e4 e5 10.Nd5 Nc6 11.Be3 exd4 12.cxd4 Nb4 13.Qb3 Nxd5 14.cxd5 Qe7 15.Bd3 c6
16.dxc6 Bb4+ 17.Kf1 dxc6 18.h4 O-O 19.Rd1 a5 20.Bg5 Qd6 21.e5 Qe6 22.Qc2 Ba6
23.Bxa6 Rxa6 24.Rh3 Ra7 25.Rg3 Re8 26.Bf6 Bf8 27.Qc1 g6 28.Rc3 c5 29.dxc5 bxc5
30.Rcd3 Qxa2 31.Rd8 Ra8 32.R8d5 a4 33.h5 a3 34.hxg6 fxg6 35.Qc3 Rab8 36.Qh3
Rb1 37.Qd7 Qc4+ 38.Ke1 a2 39.e6 Qe4+ 40.Kd2 Rxe6 {#R} 0-1

[Event "It (a)"]
[Site "masterchessopen.com Mravinci (Croatia)"]
[Round "0"]
[White "Zaja Ivan (CRO)"]
[Black "Grosar Aljosa (SLO)"]
[Result "0-1"]
[WhiteElo "2400"]
[BlackElo "2485"]

1.d4 Nf6 2.c4 e6 3.Nc3 Bb4 4.e3 b6 5.Ne2 c5 6.a3 Ba5 7.Qa4 Na6 8.Bd2 O-O 9.Ng3
cxd4 10.exd4 Bxc3 11.Bxc3 Bb7 12.Bd3 Nb8 13.d5 exd5 14.O-O-O Ne4 15.Bxe4 dxe4
16.Qb5 d5 17.cxd5 Na6 18.Qe2 f5 19.f3 Nc5 20.fxe4 Ba6 21.Qh5 fxe4 22.Nf5 Bd3
23.b4 Na4 24.Qg4 Qc7 25.Nh6+ Kh8 {#R} 0-1